000 00803nam a22001697a 4500
003 JO-AjAnu
005 20240623085819.0
008 240611b jo ||||| |||| 00| 0 ara d
040 _aJO-AjAnu
_bARA
_cJO-AjAnu
041 0 _gara
_hara
100 _aفريق الخبراء الرفيع المستوى المعني بالأمن الغذائي والتغذية
_eمقدم
_965459
245 _aالتغذية والنظم الغذائية
_c/ فريق الخبراء الرفيع المستوى المعني بالأمن الغذائي والتغذية
260 _aروما:
_bفريق الخبراء الرفيع المستوى المعني بالأمن الغذائي والتغذية،
_c2019
300 _a227 صفحه
650 _vالأغذية- النظم الغذائية
942 _2lcc
_cREF
_n0
999 _c33535
_d33535